Rektorát a celouniverzitné ústavy a pracoviská akademický rok 2007/2008

Saved in:
Bibliographic Details
Corporate Author: Ekonomická univerzita v Bratislave
Other Authors: Čajkovičová, Jana, 1964-
Format: Book
Language:Slovak
Published: Bratislava Vydavateľstvo EKONÓM 2007
Subjects:
Tags: Add Tag
No Tags, Be the first to tag this record!

MARC

LEADER 00000nam$a2200000$$$4500
001 0062094
005 20240318125811.6
020 |a 978-80-225-2377-6 
041 0 |a slo 
044 |a SK 
245 1 0 |a Rektorát a celouniverzitné ústavy a pracoviská  |b akademický rok 2007/2008  |c zostavila: Jana Čajkovičová 
264 1 |a Bratislava  |b Vydavateľstvo EKONÓM  |c 2007 
300 |a 40 s. 
610 2 0 |a školy vysoké 
610 2 0 |a univerzity 
610 2 0 |a štruktúra organizačná 
610 2 0 |a pracovníci vedúci 
610 2 0 |a zamestnanci 
610 2 0 |a odbory študijné 
610 2 0 |a doba pracovná 
610 2 0 |a informácie 
610 2 0 |a adresáre 
610 2 0 |a telefón 
610 2 0 |a zariadenia školské 
610 2 0 |a zariadenia stravovacie 
610 2 0 |a zariadenia ubytovacie 
610 2 0 |a zariadenia starostlivosti sociálnej 
610 2 0 |a knižnice 
610 2 0 |a služby poradenské 
610 2 0 |a 2007-2008 
700 1 |a Čajkovičová, Jana, 1964- 
710 2 |a Ekonomická univerzita v Bratislave